00484nam a2200193 a 4500001001300000003000900013005001700022008004100039020001000080082001700090100001300107245004200120260004300162300000900205500003500214505001000249650001800259700001300277nice12345678IN_TiNIC20260116013440.0050524s1985 laha grp 000 0 eng  ac30000a954.022bLAW aLaw, N N aPromotion of Learning in Muslim India aLahorebHijra International Pub.c1985 a258p aincludes index and biblioraphy2 aIndex aIndia-History1 aLaw, N N